000 00696nam a2200217 i 4500
001 59599
003 ES-MaACL
005 20230906164050.0
007 t|
008 031029s1948 sp ||||1| spa d
100 1 _aElton, Godfrey
_cLord.
_947113
245 1 3 _aEl Imperio Británico /
_cGodfrey Elton ; [traducción, prefacio, notas y mapas por E.P. de las Heras].
250 _a[1ª ed.].
260 _aBarcelona :
_bLuis de Caralt,
_c1948 (
_fAgustín Núñez)
300 _a660 p. :
_bil. ;
_c21 cm.
490 1 _aCultura histórica
700 1 _aHeras, E. P. de las.
_962634
830 0 _aCultura histórica
_9182395
852 _aES-MaACL
_jD-5429
_bR.30701
999 _c59599
_d59599